World Capitals that are Female Names - Statistics

General Stats
  • This quiz has been taken 85 times
  • The average score is 5 of 5
Answer Stats
Country Answer % Correct
France Paris
100%
United Kingdom London
99%
Cuba Havana
97%
Bulgaria Sofia
97%
Seychelles Victoria
62%
No matching quizzes found
Score Distribution
Percent of People with Each Score
Percentile by Number Answered
Your Score History
You have not taken this quiz